Compensation for consequential loss - satisfaction or sacrifice? (Record no. 43478)

MARC details
000 -LEADER
fixed length control field 01320cab a2200253 4500
001 - CONTROL NUMBER
control field ABS48947
008 - FIXED-LENGTH DATA ELEMENTS--GENERAL INFORMATION
fixed length control field 090401t1993 xxu||||| |||| 00| 0 eng d
035 ## - SYSTEM CONTROL NUMBER
System control number (Sirsi) u69213
041 ## - LANGUAGE CODE
Language code of text/sound track or separate title eng
100 ## - MAIN ENTRY--PERSONAL NAME
Personal name Rowan-Robinson, J.
245 ## - TITLE STATEMENT
Title Compensation for consequential loss - satisfaction or sacrifice?
260 ## - PUBLICATION, DISTRIBUTION, ETC.
Date of publication, distribution, etc. 1993
350 ## - PRICE (NR) (BK AM CF MU VM SE) [OBSOLETE]
Price 0
490 ## - SERIES STATEMENT
Series statement Scottish Planning and Environmental Law
Volume/sequential designation (39) June 1993, 53-55(3)
520 ## - SUMMARY, ETC.
Summary, etc. A number of issues had to be determined in "Emslie and Simpson v Aberdeen DC" LT for Scotland 12 August 1992; validity of a notice to quit; a claim for loss of profits due to blight pre-dating vesting in the acquiring authority; a claim for the loss on extinguishment of business; a claim for bank charges on borrowings made necessary by poor trading due to the blighting effect of the scheme; a claim for business loss by a wholly-owned subsidiary of the claimants trading from the subject premises; and a claim for the expenses of the hearing.
650 ## - SUBJECT ADDED ENTRY--TOPICAL TERM
Topical term or geographic name entry element COMPENSATION
650 ## - SUBJECT ADDED ENTRY--TOPICAL TERM
Topical term or geographic name entry element Compulsory purchase
9 (RLIN) 6228
650 ## - SUBJECT ADDED ENTRY--TOPICAL TERM
Topical term or geographic name entry element DISTURBANCE
650 ## - SUBJECT ADDED ENTRY--TOPICAL TERM
Topical term or geographic name entry element EMSLIE AND SIMPSON LTD V ABERDEEN DC
650 ## - SUBJECT ADDED ENTRY--TOPICAL TERM
Topical term or geographic name entry element HEADS OF CLAIM
690 ## - LOCAL SUBJECT ADDED ENTRY--TOPICAL TERM (OCLC, RLIN)
Topical term or geographic name as entry element ENVIRONMENTAL AND LAND CONSULTANCY-PLANNING AND DEVELOPMENT-COMPULSORY PURCHASE AND COMPENSATION
942 ## - ADDED ENTRY ELEMENTS (KOHA)
Suppress in OPAC 0
948 ## - LOCAL PROCESSING INFORMATION (OCLC); SERIES PART DESIGNATOR (RLIN)
c (OCLC) 04/03/1997
Holdings
Withdrawn status Lost status Source of classification or shelving scheme Damaged status Not for loan Home library Current library Shelving location Date acquired Total Checkouts Full call number Barcode Date last seen Copy number Price effective from Koha item type
    Dewey Decimal Classification     London London Journal article 14/09/1999   ABS48947 69213-1001 06/08/2019 1 06/08/2019 Journal article